FC Bayern München Kader Saison 2021/2022 - Statistiken

Allgemein
  • Dieses Quiz wurde 44 mal gespielt
  • Das Durchschnittsergebnis liegt bei 20 aus 26
Antwortstatistiken
Nummer Nation Spieler % Korrekt
1 Deutschland Manuel Neuer
100%
19 Kanada Alphonso Davies
98%
6 Deutschland Joshua Kimmich
95%
8 Deutschland Leon Goretzka
95%
9 Polen Robert Lewandowski
95%
26 Deutschland Sven Ulreich
95%
2 Frankreich Dayot Upamecano
93%
42 Deutschland Jamal Musiala
93%
11 Frankreich Kingsley Coman
93%
7 Deutschland Serge Gnabry
93%
25 Deutschland Thomas Müller
93%
10 Deutschland Leroy Sané
90%
13 Kamerun Eric-Maxim Choupo-Moting
85%
5 Frankreich Benjamin Pavard
83%
44 Kroatien Josip Stanisic
83%
21 Frankreich Lucas Hernández
83%
18 Österreich Marcel Sabitzer
80%
20 Senegal Bouna Sarr
78%
4 Deutschland Niklas Süle
75%
24 Frankreich Corentin Tolisso
73%
36 Deutschland Christian Früchtl
53%
22 Spanien Marc Roca
50%
3 England Omar Richards
45%
40 USA Malik Tillman
43%
23 Frankreich Tanguy Nianzou
40%
14 Deutschland Paul Wanner
25%
Keine übereinstimmenden Quizze gefunden
Verteilung der Resultate
Anzahl Personen mit jedem Resultat
Perzentil nach korrekt beantworteten Fragen
Ihre Resultats-Entwicklung
Sie haben dieses Quiz noch nicht gespielt